header

Early childhood education (Record no. 72967)

MARC details
000 -LEADER
fixed length control field 01266nam a2200337Ia 4500
082 04 - DEWEY DECIMAL CLASSIFICATION NUMBER
Classification number 372.21
245 00 - TITLE STATEMENT
Title Early childhood education
260 ## - PUBLICATION, DISTRIBUTION, ETC. (IMPRINT)
Place of publication London :
Name of publisher SAGE,
Year of publication 2004.
300 ## - PHYSICAL DESCRIPTION
Number of Pages xiii, 226 p. :
Other physical details ill.
650 #0 - SUBJECT ADDED ENTRY--TOPICAL TERM
Topical Term Early childhood education.
Topical Term Education, Primary.
700 1# - ADDED ENTRY--PERSONAL NAME
Personal name Anning, Angela,
Personal name Cullen, Joy.
Personal name Fleer, Marilyn.
856 40 - ELECTRONIC LOCATION AND ACCESS
Uniform Resource Identifier http://site.ebrary.com/lib/rucke/Doc?id=10076773

No items available.

© 2026 Rongo University
Contact us: librarian | system librarian | Rongo university